000
00350nam a2200133Ia 4500
008
100328s9999 xx 000 0 und d
082
_b
6768
100
_a
वरेरकर भार्गवराम विठ्ठल
245
_a
संसार
260
_b
---
630
_a
संसार
730
_a
संसार
942
_c
BOOK
999
_c
502636
_d
502633